000 00737nam a2200253Ia 4500
005 20250117103547.0
008 008 250103s9999 xx 000 0 eng d
020 _a9788184877786
037 _aTextbook
040 _aCSL
_beng
_cCSL
041 _aeng
_2eng
084 _aC21 P5;R4-;1
_qCSL
100 _aWahab, M A
245 0 _aSolid state physics: Structure and properties of materials
_cWahab, M A
250 _a4th
260 _aNew Delhi
_b Narosa Publishing House
_c2024
300 _axxiv, 636p. ill.
650 _a Atomic packing
_9733878
650 _a Lattice
_9733879
650 _a Superconductivity
_9642647
650 _aPhysics
942 _cTB
_hC21 P5;R4-;1
999 _c1237734
_d1237734